<?xml version="1.0" encoding="UTF-8"?>
<marc:record xmlns:marc="http://www.loc.gov/MARC21/slim">
   <marc:leader>00000nam a2200000 a 4500</marc:leader>
   <marc:datafield ind1="1" ind2=" " tag="100">
      <marc:subfield code="a">Holbe, Julia</marc:subfield>
      <marc:subfield code="4">aut</marc:subfield>
      <marc:subfield code="e">Verfasser/-in</marc:subfield>
   </marc:datafield>
   <marc:datafield ind1="0" ind2="0" tag="245">
      <marc:subfield code="a">Unsere glücklichen Tage</marc:subfield>
   </marc:datafield>
   <marc:datafield ind1="0" ind2="0" tag="245">
      <marc:subfield code="b">Roman</marc:subfield>
   </marc:datafield>
   <marc:datafield ind1="0" ind2="0" tag="245">
      <marc:subfield code="c">Julia Holbe</marc:subfield>
   </marc:datafield>
   <marc:datafield ind1=" " ind2="1" tag="264">
      <marc:subfield code="a">Berlin</marc:subfield>
      <marc:subfield code="b">Sportverl.</marc:subfield>
      <marc:subfield code="c">2020</marc:subfield>
   </marc:datafield>
   <marc:datafield ind1=" " ind2=" " tag="250">
      <marc:subfield code="a">1.Aufl.</marc:subfield>
   </marc:datafield>
   <marc:datafield ind1="1" ind2=" " tag="520">
      <marc:subfield code="a">Lenica, Marie, Fanny und Elsa verbringen einen nicht enden wollenden Sommer an der französischen Atlantikküste. Wie ein Versprechen liegt die Zukunft vor ihnen, so ausgelassen und unbeschwert sind sie, dass sie gar nicht merken, wie das Leben seine Weichen stellt. Als sie sich viele Jahre später wiedersehen, erkennen sie, dass ihre Träume sie noch immer wie eine schicksalhafte Kraft verbinden. Trotz allem, was geschehen ist, seit jenem Abend, als Lenica ihren Freund Sean mitbrachte. Und die unaufhaltbare Geschichte ihren Lauf nahm...</marc:subfield>
   </marc:datafield>
   <marc:datafield ind1=" " ind2=" " tag="020">
      <marc:subfield code="a">9783328601104</marc:subfield>
      <marc:subfield code="9">9783328601104</marc:subfield>
   </marc:datafield>
   <marc:datafield ind1=" " ind2=" " tag="020">
      <marc:subfield code="a">3328601104</marc:subfield>
      <marc:subfield code="9">3328601104</marc:subfield>
   </marc:datafield>
   <marc:datafield ind1=" " ind2=" " tag="300">
      <marc:subfield code="a">314 S.</marc:subfield>
   </marc:datafield>
</marc:record>
